[Event "Leuven op 23rd"]
[Site "Leuven"]
[Date "2011.11.11"]
[Round "3"]
[White "Berry, Stephen H"]
[Black "Pimenta, Antonio"]
[Result "1-0"]
[WhiteElo "2336"]
[BlackElo "1971"]
[PlyCount "75"]
[EventDate "2011.11.10"]
[EventType "swiss"]
[EventRounds "7"]
[EventCountry "BEL"]
[SourceTitle "CBM 145 Extra"]
[Source "ChessBase"]
[SourceDate "2012.01.03"]
[SourceVersion "1"]
[SourceVersionDate "2012.01.03"]
[SourceQuality "1"]

1. c4 e6 2. g3 d5 3. Bg2 Nf6 4. Nf3 c6 5. b3 Be7 6. Bb2 O-O 7. O-O Nbd7 8. d3
b6 9. Nbd2 Bb7 10. Qc2 Rc8 11. e4 c5 12. e5 Ne8 13. Rae1 d4 14. Bc1 Nb8 15. Ne4
Nc6 16. h4 Ba8 17. Bf4 a5 18. Qd1 Nb4 19. Qd2 Qd7 20. a4 Qd8 21. Re2 Bc6 22.
Rd1 Ba8 23. Bg5 Bc6 24. Bh3 Ba8 25. Qf4 Rc6 26. Qg4 Bxg5 27. hxg5 Rc7 28. Kg2
Bxe4 29. Qxe4 g6 30. Qh4 Ng7 31. Bg4 Re8 32. Qh6 Nf5 33. Bxf5 exf5 34. Rh1 Nxd3
35. Qxh7+ Kf8 36. e6 fxe6 37. Qxg6 Rc6 38. Rh7 1-0

[Event "Leuven op 23rd"]
[Site "Leuven"]
[Date "2011.11.12"]
[Round "4"]
[White "Berry, Stephen H"]
[Black "Gooris, Jan"]
[Result "1/2-1/2"]
[WhiteElo "2336"]
[BlackElo "2130"]
[PlyCount "102"]
[EventDate "2011.11.10"]
[EventType "swiss"]
[EventRounds "7"]
[EventCountry "BEL"]
[SourceTitle "CBM 145 Extra"]
[Source "ChessBase"]
[SourceDate "2012.01.03"]
[SourceVersion "1"]
[SourceVersionDate "2012.01.03"]
[SourceQuality "1"]

1. c4 Nf6 2. Nc3 g6 3. g3 Bg7 4. Bg2 e5 5. Nf3 Nc6 6. O-O O-O 7. d3 d6 8. Rb1
a5 9. a3 Bd7 10. b4 axb4 11. axb4 Qc8 12. Re1 Re8 13. b5 Nd4 14. Bb2 Nxf3+ 15.
Bxf3 Bg4 16. Bh1 h5 17. Qc2 h4 18. Ra1 hxg3 19. hxg3 Rb8 20. Ra7 Kh7 21. Nd5
Rh8 22. e4 Nd7 23. Bc1 Qd8 24. Bg2 Kg8 25. Be3 Nc5 26. Qd2 Nb3 27. Qb4 Nd4 28.
Bxd4 exd4 29. Qa5 b6 30. Qd2 Rc8 31. Rea1 Be6 32. Nb4 Bh6 33. f4 g5 34. Nc6 Qe8
35. fxg5 Bg7 36. Qf4 Bd7 37. Rf1 Be5 38. Nxe5 dxe5 39. Qf6 Rh7 40. Rf5 Bxf5 41.
exf5 Qd8 42. Qxd8+ Rxd8 43. Rxc7 Rg7 44. c5 bxc5 45. b6 Kh8 46. b7 Rb8 47. Rxc5
Rxg5 48. Rc8+ Rg8 49. Rc7 Rxg3 50. Rxf7 Rxd3 51. f6 Rg3 1/2-1/2

[Event "Leuven op 23rd"]
[Site "Leuven"]
[Date "2011.11.12"]
[Round "5"]
[White "Allaert, Dimitri"]
[Black "Berry, Stephen H"]
[Result "0-1"]
[WhiteElo "2078"]
[BlackElo "2336"]
[PlyCount "104"]
[EventDate "2011.11.10"]
[EventType "swiss"]
[EventRounds "7"]
[EventCountry "BEL"]
[SourceTitle "CBM 145 Extra"]
[Source "ChessBase"]
[SourceDate "2012.01.03"]
[SourceVersion "1"]
[SourceVersionDate "2012.01.03"]
[SourceQuality "1"]

1. e4 e5 2. Nf3 Nc6 3. Bb5 a6 4. Ba4 d6 5. c3 Bd7 6. O-O Nge7 7. d4 Ng6 8. d5
Nb8 9. Bxd7+ Nxd7 10. c4 Be7 11. Nc3 h6 12. Be3 Bg5 13. Qd2 Bf4 14. g3 Bxe3 15.
Qxe3 a5 16. b3 O-O 17. Ne1 Ne7 18. g4 Ng6 19. Ne2 Nf6 20. h3 h5 21. f3 Qd7 22.
Nd3 h4 23. Ne1 Nh7 24. Ng2 Qe7 25. Kh2 Qg5 26. Qxg5 Nxg5 27. Nc3 f6 28. Rac1 b6
29. a4 Kf7 30. Rf2 Ke7 31. Rcf1 Kd7 32. Rd2 Rae8 33. Ne2 Rh8 34. Ne3 Ne7 35.
Kg2 g6 36. Nc3 Rhf8 37. Rdf2 Rf7 38. Nc2 Ng8 39. Ne3 Nh6 40. Ned1 Ref8 41. Re1
f5 42. Ree2 Rf6 43. Nb1 fxg4 44. fxg4 Rf3 45. Nd2 Rg3+ 46. Kh1 Rxh3+ 47. Rh2
Nxg4 48. Rxh3 Nxh3 49. Rg2 Nhf2+ 50. Nxf2 Nxf2+ 51. Kh2 Rf4 52. Rxf2 Ke8 0-1

[Event "Leuven op 23rd"]
[Site "Leuven"]
[Date "2011.11.13"]
[Round "7"]
[White "Frank, Albert"]
[Black "Berry, Stephen H"]
[Result "0-1"]
[WhiteElo "1926"]
[BlackElo "2336"]
[PlyCount "142"]
[EventDate "2011.11.10"]
[EventType "swiss"]
[EventRounds "7"]
[EventCountry "BEL"]
[SourceTitle "CBM 145 Extra"]
[Source "ChessBase"]
[SourceDate "2012.01.03"]
[SourceVersion "1"]
[SourceVersionDate "2012.01.03"]
[SourceQuality "1"]

1. e4 e5 2. Nf3 Nc6 3. Bb5 a6 4. Ba4 d6 5. O-O Bg4 6. c3 Nf6 7. Re1 Be7 8.
Bxc6+ bxc6 9. d3 O-O 10. Nbd2 c5 11. Nc4 Ne8 12. Ne3 Bd7 13. Nd5 Rb8 14. b4
cxb4 15. Nxb4 Qc8 16. Nd5 Bd8 17. Bg5 Bxg5 18. Nxg5 Qd8 19. Nf3 c6 20. Ne3 Nf6
21. Rb1 Qc7 22. Qa4 Qa7 23. Qa3 c5 24. Nc4 Bb5 25. Na5 Qc7 26. c4 Bd7 27. Rxb8
Rxb8 28. Nb3 Rb4 29. Nfd2 Qb6 30. Rb1 h6 31. Kf1 Nh5 32. g3 Nf6 33. Qc1 Qd8 34.
a3 Rb8 35. Na1 Nh7 36. Nc2 Ng5 37. Rxb8 Qxb8 38. Ne3 Bh3+ 39. Ke2 Ne6 40. Nd5
Nd4+ 41. Ke3 Be6 42. Nf3 Qb3 43. Nxd4 cxd4+ 44. Kd2 Qa2+ 45. Qc2 Qxa3 46. f3
Bxd5 47. exd5 Qb4+ 48. Ke2 a5 49. f4 exf4 50. gxf4 a4 51. c5 Qxc5 52. Qxa4 Qxd5
53. Qe8+ Kh7 54. Qe4+ Qxe4+ 55. dxe4 g5 56. fxg5 hxg5 57. Kd3 Kg6 58. Kxd4 Kf6
59. Kd5 Ke7 60. e5 dxe5 61. Kxe5 f6+ 62. Kf5 Kf7 63. h4 gxh4 64. Kg4 Ke6 65.
Kxh4 Ke5 66. Kg4 Ke4 67. Kg3 f5 68. Kf2 Kf4 69. Ke2 Kg3 70. Kf1 Kf3 71. Ke1 Kg2
0-1

[Event "WECU Exmouth"]
[Site "Exmouth"]
[Date "2012.04.08"]
[Round "5"]
[White "Berry, Stephen H"]
[Black "De Coverly, Roger D"]
[Result "1-0"]
[WhiteElo "2334"]
[BlackElo "2012"]
[PlyCount "57"]
[EventDate "2012.04.??"]
[EventCountry "ENG"]

1. c4 Nf6 2. Nc3 g6 3. g3 Bg7 4. Bg2 d6 5. Nf3 O-O 6. O-O Nc6 7. d3 Nh5 8. d4
Rb8 9. Bg5 h6 10. Be3 a6 11. Qd2 Kh7 12. Rac1 f5 13. d5 Ne5 14. b3 Qe8 15. Bd4
g5 16. e3 f4 17. exf4 gxf4 18. Bxe5 dxe5 19. Rce1 Bf5 20. Nxe5 Qc8 21. Nf3 Rf7
22. Nh4 Bh3 23. Qd3+ Kg8 24. Qg6 f3 25. Nxf3 Rxf3 26. Bxf3 Bxf1 27. Bxh5 Bh3
28. Rxe7 Qf8 29. Rf7 {Source: Roger de Coverly, 16 Jan 2019} 1-0

[Event "Braunau op-A 11th"]
[Site "Ranshofen"]
[Date "2012.08.05"]
[Round "2"]
[White "Hera, Imre Jr"]
[Black "Berry, Stephen H"]
[Result "1-0"]
[WhiteElo "2568"]
[BlackElo "2334"]
[PlyCount "97"]
[EventDate "2012.08.04"]
[EventType "swiss"]
[EventRounds "9"]
[EventCountry "AUT"]
[SourceTitle "CBM 149 Extra"]
[Source "ChessBase"]
[SourceDate "2012.08.24"]
[SourceVersion "1"]
[SourceVersionDate "2012.08.24"]
[SourceQuality "1"]

1. d4 Nf6 2. c4 e6 3. g3 Bb4+ 4. Bd2 Qe7 5. Nf3 O-O 6. Bg2 Bxd2+ 7. Qxd2 d6 8.
Nc3 e5 9. O-O Re8 10. e4 Bg4 11. Ne1 Nc6 12. Nc2 exd4 13. Nxd4 Nxd4 14. Qxd4
Qe5 15. Qd2 Be6 16. b3 a6 17. Rfe1 Qh5 18. f3 Qc5+ 19. Qf2 Nd7 20. f4 f6 21.
Rad1 Rab8 22. Nd5 Bxd5 23. cxd5 a5 24. Rc1 Qxf2+ 25. Kxf2 Nc5 26. Re3 Re7 27.
Kf3 Rbe8 28. Rce1 b5 29. Bf1 Rb8 30. e5 fxe5 31. fxe5 dxe5 32. Rxe5 Rxe5 33.
Rxe5 Kf8 34. Ke3 b4 35. Kd4 Nd7 36. Re6 Nb6 37. Kc5 a4 38. Bg2 axb3 39. axb3
Kf7 40. Re4 Nd7+ 41. Kc6 Nf6 42. Kxc7 Rb5 43. Rd4 Rc5+ 44. Kd8 Rc2 45. Bh3 Rxh2
46. Be6+ Kg6 47. d6 Re2 48. Bc4 Re3 49. g4 1-0

[Event "Braunau op-A 11th"]
[Site "Ranshofen"]
[Date "2012.08.05"]
[Round "3"]
[White "Berry, Stephen H"]
[Black "Juergens, Klaus"]
[Result "1/2-1/2"]
[WhiteElo "2334"]
[BlackElo "2170"]
[PlyCount "65"]
[EventDate "2012.08.04"]
[EventType "swiss"]
[EventRounds "9"]
[EventCountry "AUT"]
[SourceTitle "CBM 149 Extra"]
[Source "ChessBase"]
[SourceDate "2012.08.24"]
[SourceVersion "1"]
[SourceVersionDate "2012.08.24"]
[SourceQuality "1"]

1. c4 Nf6 2. Nc3 g6 3. g3 Bg7 4. Bg2 O-O 5. d3 d6 6. e4 e5 7. Nge2 Nc6 8. O-O
Be6 9. h3 Qd7 10. Kh2 Kh8 11. Be3 Ng8 12. Nd5 Nd4 13. f4 c6 14. Ndc3 f5 15. Rc1
a6 16. b3 b5 17. Qd2 Rab8 18. Bg1 b4 19. Na4 c5 20. Bxd4 exd4 21. e5 Qc7 22.
exd6 Qxd6 23. Rce1 Nf6 24. Ng1 Bd7 25. Nf3 Nh5 26. Ne5 Bxa4 27. bxa4 g5 28. Bf3
gxf4 29. gxf4 Nf6 30. Qf2 Nd7 31. Nxd7 Qxd7 32. Qh4 Rbe8 33. Rg1 1/2-1/2

[Event "Braunau op-A 11th"]
[Site "Ranshofen"]
[Date "2012.08.06"]
[Round "4"]
[White "Anuprita, Patil"]
[Black "Berry, Stephen H"]
[Result "1/2-1/2"]
[WhiteElo "2123"]
[BlackElo "2334"]
[PlyCount "111"]
[EventDate "2012.08.04"]
[EventType "swiss"]
[EventRounds "9"]
[EventCountry "AUT"]
[SourceTitle "CBM 149 Extra"]
[Source "ChessBase"]
[SourceDate "2012.08.24"]
[SourceVersion "1"]
[SourceVersionDate "2012.08.24"]
[SourceQuality "1"]

1. Nf3 Nf6 2. d4 d6 3. c4 Nbd7 4. Nc3 e5 5. e4 Be7 6. Be2 O-O 7. O-O c6 8. d5
c5 9. Ne1 Ne8 10. Nd3 Bg5 11. f4 exf4 12. Bxf4 Bxf4 13. Rxf4 Qe7 14. Bg4 Nef6
15. Bh3 Ne5 16. Bxc8 Raxc8 17. Nxe5 Qxe5 18. Qf3 Nd7 19. Qg3 a6 20. Raf1 Rce8
21. b3 Re7 22. Kh1 g6 23. Nd1 Qd4 24. Ne3 Rxe4 25. Rxe4 Qxe4 26. Nf5 Qe2 27.
Re1 Qd2 28. Nxd6 b6 29. Ne4 Qd4 30. Ng5 Nf6 31. Nf3 Qd3 32. Qe5 Ng4 33. Qe2 Qf5
34. h3 Nf6 35. Qe5 Qxe5 36. Rxe5 Re8 37. Rxe8+ Nxe8 38. Ne5 Nd6 39. Nd7 Nc8 40.
Nf6+ Kg7 41. Ne4 Kf8 42. Kh2 Ke7 43. Kg3 h6 44. Kf4 f5 45. Nc3 Kf6 46. h4 g5+
47. hxg5+ hxg5+ 48. Kf3 Ke5 49. g4 Nd6 50. gxf5 Kxf5 51. Na4 g4+ 52. Kg2 Nc8
53. Kg3 Kg5 54. Kg2 Kf5 55. Kg3 Kg5 56. Kg2 1/2-1/2

[Event "Braunau op-A 11th"]
[Site "Ranshofen"]
[Date "2012.08.08"]
[Round "6"]
[White "Ager, Josef"]
[Black "Berry, Stephen H"]
[Result "1/2-1/2"]
[WhiteElo "2170"]
[BlackElo "2334"]
[PlyCount "100"]
[EventDate "2012.08.04"]
[EventType "swiss"]
[EventRounds "9"]
[EventCountry "AUT"]
[SourceTitle "CBM 149 Extra"]
[Source "ChessBase"]
[SourceDate "2012.08.24"]
[SourceVersion "1"]
[SourceVersionDate "2012.08.24"]
[SourceQuality "1"]

1. Nf3 Nf6 2. c4 e6 3. g3 b6 4. Bg2 Bb7 5. O-O Be7 6. d3 d5 7. Nc3 O-O 8. b3 d4
9. Nb5 c5 10. e3 a6 11. Na3 dxe3 12. fxe3 Nc6 13. Nc2 Qc7 14. Bb2 Rad8 15. Qe2
Rd7 16. Rad1 Rfd8 17. d4 Ne8 18. Nd2 cxd4 19. exd4 Bf6 20. Nf3 b5 21. Ba1 bxc4
22. bxc4 Qa5 23. a3 h6 24. h4 Qc7 25. Kh2 Ne7 26. Ne3 Be4 27. Ng4 Bf5 28. Nxf6+
Nxf6 29. Ne5 Rd6 30. Kg1 h5 31. c5 Rd5 32. Qe1 Ng4 33. Bxd5 Nxd5 34. Nxg4 Bxg4
35. Rd2 Qc6 36. Qf2 Rd7 37. Rb2 Bf5 38. Rc1 Kh7 39. Rb3 Rc7 40. Qe2 Bg4 41. Qc4
f5 42. Rf1 Rf7 43. Bb2 Bh3 44. Rf2 f4 45. gxf4 Bg4 46. Bc1 Nf6 47. Qd3+ Bf5 48.
Qf3 Be4 49. Qg3 Qa4 50. Qe3 Bf5 1/2-1/2

[Event "Braunau op-A 11th"]
[Site "Ranshofen"]
[Date "2012.08.09"]
[Round "7"]
[White "Berry, Stephen H"]
[Black "Konguvel, Ponnuswamy"]
[Result "1/2-1/2"]
[WhiteElo "2334"]
[BlackElo "2319"]
[PlyCount "48"]
[EventDate "2012.08.04"]
[EventType "swiss"]
[EventRounds "9"]
[EventCountry "AUT"]
[SourceTitle "CBM 149 Extra"]
[Source "ChessBase"]
[SourceDate "2012.08.24"]
[SourceVersion "1"]
[SourceVersionDate "2012.08.24"]
[SourceQuality "1"]

1. c4 Nf6 2. Nc3 g6 3. g3 Bg7 4. Bg2 O-O 5. d3 c5 6. e4 Nc6 7. Nge2 d6 8. O-O
a6 9. h3 Rb8 10. a4 Ne8 11. Be3 Nc7 12. d4 cxd4 13. Nxd4 Ne6 14. Nde2 Bd7 15.
b3 a5 16. Rb1 Nb4 17. Nd5 Nxd5 18. exd5 Nc5 19. Bd4 Bf5 20. Bxg7 Kxg7 21. Rb2
Kg8 22. Nd4 Qc8 23. Kh2 Re8 24. Rd2 Ra8 1/2-1/2

[Event "Braunau op-A 11th"]
[Site "Ranshofen"]
[Date "2012.08.10"]
[Round "8"]
[White "Konnyu, Janos"]
[Black "Berry, Stephen H"]
[Result "1/2-1/2"]
[WhiteElo "2352"]
[BlackElo "2334"]
[PlyCount "96"]
[EventDate "2012.08.04"]
[EventType "swiss"]
[EventRounds "9"]
[EventCountry "AUT"]
[SourceTitle "CBM 149 Extra"]
[Source "ChessBase"]
[SourceDate "2012.08.24"]
[SourceVersion "1"]
[SourceVersionDate "2012.08.24"]
[SourceQuality "1"]

1. e4 e5 2. Nf3 Nc6 3. Bb5 a6 4. Ba4 d6 5. O-O Bd7 6. c3 Nf6 7. d4 g6 8. Bg5 b5
9. Bb3 Bg7 10. a4 Rb8 11. axb5 axb5 12. dxe5 dxe5 13. Bd5 O-O 14. Qb3 Qe7 15.
Ra6 Nd8 16. Qc2 c6 17. Ba2 Ne6 18. Be3 Ng4 19. Bc1 Ra8 20. Rxa8 Rxa8 21. Na3
Nc5 22. b4 Ne6 23. h3 Nf6 24. Nxe5 Be8 25. Nf3 Nh5 26. Nb1 Nhf4 27. Bb3 g5 28.
Re1 h5 29. e5 Rd8 30. Bxf4 Nxf4 31. Nd4 Bd7 32. Nd2 Re8 33. N2f3 g4 34. hxg4
hxg4 35. e6 Nxe6 36. Nf5 Qf6 37. Nxg7 Qxg7 38. Nh4 Qf6 39. Nf5 Ng7 40. Rxe8+
Nxe8 41. Ng3 Nd6 42. Qd3 Qe5 43. Qd2 Kf8 44. Ne2 Ke7 45. Nd4 f6 46. Be6 Qe4 47.
Bxd7 Qb1+ 48. Kh2 Qh7+ 1/2-1/2

[Event "Braunau op-A 11th"]
[Site "Ranshofen"]
[Date "2012.08.11"]
[Round "9"]
[White "Berry, Stephen H"]
[Black "Borsos, Bogdan"]
[Result "1/2-1/2"]
[WhiteElo "2334"]
[BlackElo "2270"]
[PlyCount "84"]
[EventDate "2012.08.04"]
[EventType "swiss"]
[EventRounds "9"]
[EventCountry "AUT"]
[SourceTitle "CBM 149 Extra"]
[Source "ChessBase"]
[SourceDate "2012.08.24"]
[SourceVersion "1"]
[SourceVersionDate "2012.08.24"]
[SourceQuality "1"]

1. c4 c5 2. g3 e6 3. Bg2 d5 4. Nf3 Nf6 5. O-O Be7 6. b3 O-O 7. Bb2 b6 8. e3 Bb7
9. Nc3 Na6 10. a3 Re8 11. Qe2 Ne4 12. Rfd1 Bf6 13. Rac1 Nxc3 14. Bxc3 d4 15.
Ba1 e5 16. d3 Nc7 17. e4 Ne6 18. Rb1 a5 19. Bb2 Bc6 20. a4 g6 21. Rf1 Bd7 22.
Rbe1 Ra7 23. Bc1 Bc8 24. Qd1 Bg7 25. h4 Kh8 26. Kh2 h6 27. Rh1 Nf8 28. Bh3 Bxh3
29. Kxh3 f5 30. h5 Qc8 31. Kg2 g5 32. exf5 Qxf5 33. Qe2 Rf7 34. Qe4 Qf6 35. Re2
Nd7 36. Nh2 Ref8 37. Rf1 Qe6 38. Ree1 Rf5 39. Ng4 Nf6 40. Nxf6 Qxf6 41. f3 Qf7
42. Qg4 Qb7 1/2-1/2

[Event "Paignton Premier"]
[Site "Paignton"]
[Date "2012.09.02"]
[Round "1"]
[White "Gregory, Keith D"]
[Black "Berry, Stephen H"]
[Result "0-1"]
[WhiteElo "2057"]
[BlackElo "2334"]
[PlyCount "78"]
[EventDate "2012.09.02"]
[EventType "swiss"]
[EventRounds "7"]
[EventCountry "ENG"]
[SourceTitle "CBM 150 Extra"]
[Source "ChessBase"]
[SourceDate "2012.10.19"]
[SourceVersion "1"]
[SourceVersionDate "2012.10.19"]
[SourceQuality "1"]

1. Nf3 Nf6 2. g3 d5 3. Bg2 Bg4 4. c4 e6 5. O-O Nbd7 6. cxd5 exd5 7. d4 Bd6 8.
Qb3 Rb8 9. Qe3+ Be7 10. Ne5 Bh5 11. Nd3 c6 12. Nf4 Bg4 13. Nc3 O-O 14. h3 Bf5
15. g4 Bg6 16. Nxg6 hxg6 17. Qd3 Bd6 18. Bg5 Qb6 19. Rab1 Rbe8 20. b4 Qc7 21.
Rfc1 Bh2+ 22. Kf1 Bf4 23. Bxf4 Qxf4 24. Kg1 Nb6 25. Nd1 Ne4 26. e3 Qg5 27. b5
Re6 28. bxc6 bxc6 29. f3 Nf6 30. e4 dxe4 31. fxe4 Rd8 32. Nf2 Red6 33. Qa3 Rxd4
34. Rxc6 Rd2 35. Qxa7 Rxf2 36. Kxf2 Rd2+ 37. Kg1 Qe3+ 38. Kh1 Qg3 39. Rg1 Nxe4
0-1

[Event "Paignton Premier"]
[Site "Paignton"]
[Date "2012.09.03"]
[Round "2"]
[White "Berry, Stephen H"]
[Black "Cutmore, David A"]
[Result "1-0"]
[WhiteElo "2334"]
[BlackElo "2045"]
[PlyCount "95"]
[EventDate "2012.09.02"]
[EventType "swiss"]
[EventRounds "7"]
[EventCountry "ENG"]
[SourceTitle "CBM 150 Extra"]
[Source "ChessBase"]
[SourceDate "2012.10.19"]
[SourceVersion "1"]
[SourceVersionDate "2012.10.19"]
[SourceQuality "1"]

1. c4 d6 2. Nc3 e5 3. g3 f5 4. d4 Be7 5. Bg2 Nf6 6. Nh3 O-O 7. O-O c6 8. b4 Qe8
9. c5 Na6 10. b5 Nc7 11. bxc6 bxc6 12. cxd6 Bxd6 13. dxe5 Bxe5 14. Bd2 Ne4 15.
Rc1 Nxd2 16. Qxd2 Be6 17. Nf4 Rd8 18. Qe3 Bf7 19. Bxc6 Bxf4 20. Bxe8 Bxe3 21.
Bxf7+ Rxf7 22. fxe3 g6 23. e4 fxe4 24. Rxf7 Kxf7 25. Nxe4 Ne6 26. Rb1 Rd7 27.
Kf2 g5 28. Rb5 Kg6 29. Re5 Nd4 30. Rxg5+ Kh6 31. h4 Rf7+ 32. Kg2 Nf5 33. Nf2
Ne3+ 34. Kg1 Rb7 35. Re5 Rb1+ 36. Kh2 Nc4 37. Rc5 Ne3 38. Rc3 Nd5 39. Rc6+ Kg7
40. Rd6 Rf1 41. Ng4 Nb6 42. Rc6 h5 43. Rc7+ Kf8 44. Ne5 Rf2+ 45. Kh3 Rxe2 46.
Ng6+ Ke8 47. Rxa7 Nd5 48. Nf4 1-0

[Event "Paignton Premier"]
[Site "Paignton"]
[Date "2012.09.04"]
[Round "3"]
[White "Healey, Michael W"]
[Black "Berry, Stephen H"]
[Result "0-1"]
[WhiteElo "2110"]
[BlackElo "2334"]
[PlyCount "44"]
[EventDate "2012.09.02"]
[EventType "swiss"]
[EventRounds "7"]
[EventCountry "ENG"]
[SourceTitle "CBM 150 Extra"]
[Source "ChessBase"]
[SourceDate "2012.10.19"]
[SourceVersion "1"]
[SourceVersionDate "2012.10.19"]
[SourceQuality "1"]

1. e4 e5 2. Nf3 Nc6 3. Bb5 a6 4. Bxc6 dxc6 5. O-O Qd6 6. Na3 Be6 7. b3 f6 8.
Qe2 Ne7 9. Nc4 Qd7 10. Rd1 c5 11. c3 Nc6 12. Bb2 Bg4 13. Ne3 Bh5 14. Nd5 O-O-O
15. d4 Qe8 16. dxc5 Bxc5 17. b4 Ba7 18. b5 axb5 19. Ba3 b4 20. cxb4 Nd4 21.
Rxd4 Bxd4 22. Qc4 Rxd5 0-1

[Event "Paignton Premier"]
[Site "Paignton"]
[Date "2012.09.05"]
[Round "4"]
[White "Berry, Stephen H"]
[Black "Bates, Richard"]
[Result "1/2-1/2"]
[WhiteElo "2334"]
[BlackElo "2385"]
[PlyCount "83"]
[EventDate "2012.09.02"]
[EventType "swiss"]
[EventRounds "7"]
[EventCountry "ENG"]
[SourceTitle "CBM 150 Extra"]
[Source "ChessBase"]
[SourceDate "2012.10.19"]
[SourceVersion "1"]
[SourceVersionDate "2012.10.19"]
[SourceQuality "1"]

1. c4 g6 2. Nc3 Bg7 3. g3 Nf6 4. Bg2 O-O 5. d3 d6 6. e4 c5 7. Nge2 Nc6 8. O-O
Bg4 9. f3 Bd7 10. Be3 Ne8 11. d4 b6 12. Qd2 e5 13. dxe5 dxe5 14. Nd5 Nd4 15.
Rfe1 Be6 16. Rac1 Qd7 17. b3 Nd6 18. Bh6 Bxd5 19. Bxg7 Kxg7 20. Nxd4 Bc6 21.
Nc2 Nb7 22. Qc3 f6 23. Rcd1 Qe7 24. Ne3 Rad8 25. Nd5 Bxd5 26. exd5 Nd6 27. Bh3
Nf7 28. Re2 Ng5 29. Bg4 h5 30. f4 Nf7 31. Be6 exf4 32. gxf4 Qd6 33. Rf1 Rfe8
34. Rg2 Rh8 35. h4 Rh6 36. Qc2 Rg8 37. Rf3 Qc7 38. Rfg3 Kf8 39. Rxg6 Rgxg6 40.
Rxg6 Qxf4 41. Bxf7 Kxf7 42. Rxh6 1/2-1/2

[Event "Paignton Premier"]
[Site "Paignton"]
[Date "2012.09.06"]
[Round "5"]
[White "Berry, Stephen H"]
[Black "Arkell, Keith C"]
[Result "1/2-1/2"]
[WhiteElo "2334"]
[BlackElo "2429"]
[PlyCount "48"]
[EventDate "2012.09.02"]
[EventType "swiss"]
[EventRounds "7"]
[EventCountry "ENG"]
[SourceTitle "CBM 150 Extra"]
[Source "ChessBase"]
[SourceDate "2012.10.19"]
[SourceVersion "1"]
[SourceVersionDate "2012.10.19"]
[SourceQuality "1"]

1. c4 e5 2. Nc3 Nf6 3. Nf3 Nc6 4. e4 Bb4 5. d3 h6 6. g3 d6 7. Bg2 O-O 8. O-O a5
9. h3 Nh7 10. Kh2 f5 11. exf5 Bxf5 12. Be3 Bc5 13. Nd5 Bxe3 14. fxe3 Be6 15.
Qe2 Bxd5 16. cxd5 Nb4 17. Nh4 Rxf1 18. Rxf1 Nxa2 19. Qg4 Nf6 20. Qe6+ Kh7 21.
Qf7 Nb4 22. Qg6+ Kh8 23. Nf5 Qg8 24. Nh4 Nbxd5 1/2-1/2

[Event "Paignton Premier"]
[Site "Paignton"]
[Date "2012.09.07"]
[Round "6"]
[White "Mackle, Dominic"]
[Black "Berry, Stephen H"]
[Result "1-0"]
[WhiteElo "2227"]
[BlackElo "2334"]
[PlyCount "49"]
[EventDate "2012.09.02"]
[EventType "swiss"]
[EventRounds "7"]
[EventCountry "ENG"]
[SourceTitle "CBM 150 Extra"]
[Source "ChessBase"]
[SourceDate "2012.10.19"]
[SourceVersion "1"]
[SourceVersionDate "2012.10.19"]
[SourceQuality "1"]

1. d4 Nf6 2. c4 e6 3. Nf3 b6 4. g3 Bb7 5. Bg2 Be7 6. O-O O-O 7. d5 exd5 8. Nh4
c6 9. cxd5 Nxd5 10. Nf5 Nc7 11. Re1 d5 12. e4 Re8 13. Nc3 Nba6 14. Qg4 Bf6 15.
Bf4 Bc8 16. exd5 cxd5 17. Nxd5 Nxd5 18. Bxd5 Bxf5 19. Qxf5 Rc8 20. Rxe8+ Qxe8
21. Be4 Rd8 22. Qxh7+ Kf8 23. Re1 Qe6 24. Re2 Nc5 25. Bf3 1-0

[Event "Paignton Premier"]
[Site "Paignton"]
[Date "2012.09.08"]
[Round "7"]
[White "Berry, Stephen H"]
[Black "Barton, R Alan"]
[Result "1-0"]
[WhiteElo "2334"]
[BlackElo "2065"]
[PlyCount "143"]
[EventDate "2012.09.02"]
[EventType "swiss"]
[EventRounds "7"]
[EventCountry "ENG"]
[SourceTitle "CBM 150 Extra"]
[Source "ChessBase"]
[SourceDate "2012.10.19"]
[SourceVersion "1"]
[SourceVersionDate "2012.10.19"]
[SourceQuality "1"]

1. Nf3 b6 2. e4 Bb7 3. Nc3 e6 4. d4 Bb4 5. Bd3 Nf6 6. Qe2 d5 7. e5 Ne4 8. O-O
Nxc3 9. bxc3 Be7 10. Rb1 a5 11. Ne1 Ba6 12. Qg4 g6 13. Bh6 Bxd3 14. cxd3 Nc6
15. Nf3 Kd7 16. Qf4 Qe8 17. c4 Nb4 18. Qd2 Kc8 19. a3 Nc6 20. Rb3 Qd7 21. Rc1
Ra7 22. Qc2 dxc4 23. Qxc4 a4 24. Rb4 Ra5 25. Rbb1 Kb7 26. Rc3 Bd8 27. Bg7 Rg8
28. Bf6 Bxf6 29. exf6 Rc8 30. Rbc1 Nd8 31. h3 Qd5 32. Ne5 Qxc4 33. Rxc4 c6 34.
Kf1 Rc7 35. Ke2 Rd5 36. Rxa4 c5 37. f4 b5 38. Ra5 Kb6 39. Ra8 Kb7 40. Rxd8 Rxd8
41. dxc5 Rd5 42. Ke3 Ka6 43. d4 Rd8 44. Rb1 Rg8 45. g4 h5 46. a4 bxa4 47. Rb6+
Ka7 48. Rb4 a3 49. Ra4+ Kb7 50. Rxa3 hxg4 51. hxg4 Rh8 52. Ke4 Rh7 53. Rb3+ Kc8
54. Ra3 Kb7 55. c6+ Rxc6 56. Nxc6 Kxc6 57. Ra7 Kd6 58. g5 Kc6 59. Ra8 Kd7 60.
Rf8 Kd6 61. Rd8+ Kc7 62. Rg8 Rh1 63. Rg7 Re1+ 64. Kf3 Kd6 65. Rxf7 Rf1+ 66. Ke3
Re1+ 67. Kf2 Re4 68. Kf3 Rxd4 69. Rf8 Kd7 70. Rg8 Rd3+ 71. Ke4 Ra3 72. f7 1-0

[Event "Leuven op 24th"]
[Site "Leuven"]
[Date "2012.11.01"]
[Round "1"]
[White "Berry, Stephen H"]
[Black "Huba, Mark"]
[Result "1-0"]
[WhiteElo "2330"]
[BlackElo "1779"]
[PlyCount "39"]
[EventDate "2012.11.01"]
[EventType "swiss"]
[EventRounds "7"]
[EventCountry "BEL"]
[SourceTitle "EXT 2013"]
[Source "ChessBase"]
[SourceDate "2012.11.22"]
[SourceVersion "1"]
[SourceVersionDate "2012.11.22"]
[SourceQuality "1"]

1. Nf3 e6 2. d3 d5 3. g3 c5 4. Bg2 Nc6 5. O-O Qc7 6. e4 dxe4 7. dxe4 Bd6 8. Na3
a6 9. Nc4 Be7 10. Bf4 Qd8 11. Nd6+ Bxd6 12. Bxd6 Qb6 13. e5 Nge7 14. Nd2 Qxb2
15. Nc4 Qc3 16. Nb6 Ra7 17. Bxc6+ bxc6 18. Bxe7 Kxe7 19. Qd6+ Ke8 20. Rad1 1-0

[Event "Leuven op 24th"]
[Site "Leuven"]
[Date "2012.11.04"]
[Round "2"]
[White "Costello, Colin"]
[Black "Berry, Stephen H"]
[Result "1/2-1/2"]
[WhiteElo "1956"]
[BlackElo "2330"]
[PlyCount "92"]
[EventDate "2012.11.01"]
[EventType "swiss"]
[EventRounds "7"]
[EventCountry "BEL"]
[SourceTitle "EXT 2013"]
[Source "ChessBase"]
[SourceDate "2012.11.22"]
[SourceVersion "1"]
[SourceVersionDate "2012.11.22"]
[SourceQuality "1"]

1. c4 e5 2. g3 d6 3. Nc3 f5 4. Bg2 Nf6 5. d3 Be7 6. Rb1 O-O 7. b4 Qe8 8. Nf3
Kh8 9. O-O Qh5 10. Bg5 Nbd7 11. b5 h6 12. Bxf6 Nxf6 13. Nd5 Bd8 14. Qa4 Bd7 15.
Rfc1 f4 16. Nxf6 Bxf6 17. c5 a6 18. cxd6 axb5 19. Qb4 cxd6 20. Qxd6 Bc6 21. Qc5
Qg6 22. Nd2 fxg3 23. hxg3 Bg5 24. Bxc6 bxc6 25. Rc2 Bxd2 26. Rxd2 e4 27. dxe4
Qxe4 28. Rc1 Rf6 29. Rd6 Rxd6 30. Qxd6 Rxa2 31. Qxc6 Qxc6 32. Rxc6 Rxe2 33. Rb6
Rb2 34. Kg2 Kg8 35. Rb7 b4 36. Kf3 b3 37. Kg2 Rb1 38. Kf3 Kf8 39. Kg2 g6 40.
Kf3 h5 41. Kf4 Rf1 42. Rxb3 Rxf2+ 43. Kg5 Kg7 44. Rb7+ Rf7 45. Rb5 Rc7 46. Ra5
Rb7 1/2-1/2